[Event "Bogota Centro Comercial op 2nd"]
[Site "Bogota"]
[Date "2024.04.14"]
[Round "4"]
[White "Aguilar Castro, Jordy Steeven"]
[Black "Blanco Fernandez, Lino Orlando"]
[Result "0-1"]
[WhiteElo "1971"]
[BlackElo "2288"]
[PlyCount "94"]
[EventDate "2024.04.14"]
[EventType "swiss"]
[EventRounds "7"]
[EventCountry "COL"]
[SourceTitle "CBM 219 Extra"]
[Source "ChessBase"]
[SourceDate "2024.05.31"]
[SourceVersion "1"]
[SourceVersionDate "2024.05.31"]
[SourceQuality "1"]

1. e4 e5 2. d4 d6 3. dxe5 dxe5 4. Qxd8+ Kxd8 5. Nc3 c6 6. Bc4 f6 7. g3 Kc7 8. Be3 b5 9. Bb3 a5 10. a3 Nd7 11. f3 Nc5 12. Nge2 Nxb3 13. cxb3 Be6 14. Nc1 Bd6 15. a4 b4 16. Nd1 Kb7 17. Bf2 Ne7 18. Ne3 Rhd8 19. Nc4 Bc7 20. Bc5 Ng6 21. Ne2 Rd3 22. Nd2 Rad8 23. Rd1 Bxb3 24. Nc1 Bxd1 25. Nxd3 Bxa4 26. Nxb4 axb4 27. Bxb4 Bb5 28. Kf2 Nf8 29. Nb3 Ne6 30. Ra1 Bb6+ 31. Kg2 c5 32. Bc3 Nd4 33. Na5+ Bxa5 34. Rxa5 Ra8 35. f4 Rxa5 36. Bxa5 Bc6 37. fxe5 Bxe4+ 38. Kf2 fxe5 39. Ke3 Bf5 40. Bd8 Kc6 41. Be7 c4 42. Bf8 g6 43. Bg7 Kd5 44. Bf8 e4 45. Bg7 Nc2+ 46. Kd2 e3+ 47. Ke2 Bg4+ 0-1

[Event "Rivera Hernandez Memorial-B"]
[Site "Rivera Huila"]
[Date "2023.07.23"]
[Round "6"]
[White "Melgarejo Luna, Jonathan"]
[Black "Aguilar Castro, Jordy Steeven"]
[Result "0-1"]
[WhiteElo "1631"]
[BlackElo "1565"]
[PlyCount "132"]
[EventDate "2023.07.20"]
[EventType "swiss"]
[EventRounds "7"]
[EventCountry "COL"]
[SourceTitle "CBM 215 Extra"]
[Source "ChessBase"]
[SourceDate "2023.09.30"]
[SourceVersion "1"]
[SourceVersionDate "2023.09.30"]
[SourceQuality "1"]

1. e4 c5 2. Nf3 Nc6 3. Bc4 e6 4. c3 d5 5. exd5 exd5 6. Bb3 Bg4 7. 0-0 Bd6 8. h3 Bh5 9. Bxd5 Nge7 10. Bc4 Bc7 11. Be2 Qd6 12. g3 0-0 13. d3 Qd7 14. Kg2 Rad8 15. Be3 f5 16. Bxc5 Rf6 17. Bd4 Bxf3+ 18. Bxf3 Nxd4 19. cxd4 f4 20. g4 Ng6 21. Nc3 Nh4+ 22. Kg1 Qxd4 23. Be4 f3 24. Qb3+ Kh8 25. Nd5 Bb8 26. Qc3 Rxd5 27. Bxd5 Qxd5 28. Qc8+ Qg8 29. Qxg8+ Kxg8 30. Rfc1 Be5 31. Rc4 h6 32. d4 Bd6 33. Re1 Ng6 34. Re3 Ne7 35. Ra4 a6 36. Ra5 g6 37. Kf1 Kf7 38. d5 Bb4 39. Ra4 Nxd5 40. Rd3 Ke6 41. Rxd5 Kxd5 42. Rxb4 b5 43. Kg1 Kc5 44. Rb3 h5 45. gxh5 gxh5 46. Re3 Rf5 47. h4 Kd4 48. Kh2 Rf4 49. Kg3 Rg4+ 50. Kh3 Rf4 51. Ra3 b4 52. Rxa6 Kd3 53. Rc6 Ke2 54. Rc2+ Kd1 55. Rc5 Ke2 56. Rc2+ Kd1 57. Rc5 Ke2 58. Rxh5 Kxf2 59. Re5 Kf1 60. Kg3 Rf8 61. h5 f2 62. Rc5 Ke2 63. Rc2+ Ke3 64. Rxf2 Rxf2 65. Kg4 Rxb2 66. h6 Rxa2 0-1

[Event "Rivera Hernandez Memorial-B"]
[Site "Rivera Huila"]
[Date "2023.07.22"]
[Round "5"]
[White "Aguilar Castro, Jordy Steeven"]
[Black "Padilla, Jorge Andres"]
[Result "1-0"]
[WhiteElo "1565"]
[BlackElo "1454"]
[PlyCount "32"]
[EventDate "2023.07.20"]
[EventType "swiss"]
[EventRounds "7"]
[EventCountry "COL"]
[SourceTitle "CBM 215 Extra"]
[Source "ChessBase"]
[SourceDate "2023.09.30"]
[SourceVersion "1"]
[SourceVersionDate "2023.09.30"]
[SourceQuality "1"]

1. e4 c5 2. d4 cxd4 3. Qxd4 Nc6 4. Qe3 Nf6 5. Nc3 d6 6. Bd3 e5 7. Nge2 Be6 8. 0-0 Be7 9. f4 exf4 10. Nxf4 0-0 11. b3 d5 12. exd5 Bxd5 13. Bb2 Re8 14. Rad1 Qa5 15. Qg3 Nb4 16. Ncxd5 Nbxd5 1-0

[Event "COL-ch"]
[Site "Boyaca"]
[Date "2022.08.17"]
[Round "1"]
[White "Diaz Herrera, Leider Andres"]
[Black "Aguilar Castro, Jordy Steeven"]
[Result "1-0"]
[WhiteElo "2010"]
[BlackElo "1600"]
[PlyCount "73"]
[EventDate "2022.08.17"]
[EventType "swiss"]
[EventRounds "9"]
[EventCountry "COL"]
[SourceTitle "CBM 210 Extra"]
[Source "ChessBase"]
[SourceDate "2022.11.30"]
[SourceVersion "1"]
[SourceVersionDate "2022.11.30"]
[SourceQuality "1"]

1. Nf3 d5 2. d4 Nf6 3. Bf4 Bg4 4. c4 e6 5. Qb3 b6 6. Nc3 Bd6 7. Ne5 Bxe5 8. Bxe5 Nbd7 9. Bg3 c5 10. cxd5 cxd4 11. Nb5 Nc5 12. Qc4 0-0 13. d6 a6 14. Nxd4 Nce4 15. Nc6 Qd7 16. Rd1 b5 17. Qc2 Bf5 18. Qc1 Nxg3 19. hxg3 Nd5 20. Nd4 Qxd6 21. e3 Rac8 22. Qd2 Rfd8 23. Be2 Qe5 24. 0-0 Bg6 25. Rc1 Qf6 26. Rfd1 h6 27. Nc6 Re8 28. Bf3 Ne7 29. Nd4 Nf5 30. Nb3 Rcd8 31. Qe2 Nd6 32. Nc5 e5 33. Bc6 Re7 34. Nxa6 Rc8 35. Nb4 Ra7 36. a3 Nc4 37. Bxb5 1-0